Statistics for Simpsons Trivia

Click here to take the quiz!

General Stats

  • This quiz has been taken 45 times
  • The average score is 12 of 25

Answer Stats

Hint Answer % Correct
Bully that Lisa once datedNelson
100%
Bully that wears a black T-shirt with a skullJimbo
85%
Which former U.S president briefly lived across the street from the Simpsons?George H.W. Bush
73%
Where Patty and Selma work?DMV
73%
In Season 6 episode 4, residents from shelbyville steal what from springfield, causing the children of springfield to wage war on shelbyville?Lemon Tree
68%
What is the name of the stereotypical Italian man who owns a restaurant in Springfield?Luigi Rissoto
68%
What animal does bart bring to Australia, eventually causing an infestation?Toad
68%
Name of Homers older half brotherHerb Powell
68%
Selma's pet iguanaJub-Jub
66%
What does Mr. Smithers collect?Malibu Stacy Dolls
56%
What is (usually) the address of the simpsons family? - number and street742 Evergreen Terrace
54%
Name the two aliens that often appear in the SimpsonsKang and Kodos
54%
What name does bart see on a novelty license plate at a gift shop in Itchy and Scratchy Land?Bort
51%
Complete the quote from Jebidiah Springfields statue "The Noble spirit _________ the smallest man"Embiggins
51%
Of the four Main bullies, the only one not mentioned so far in this quiz?Dolph Starbeam
51%
Name of Krusty's monkeyMr. Teeny
44%
Name of the comic book storeThe Android's Dungeon & Baseball Card Shop
44%
Name of the Music store located next to Moe's TavernKing Toot's
34%
The name of Fat Tony's Son, who wants to be a chefMichael
27%
Name on bart's credit card that he uses to buy LaddieSantos L Halper
24%
When Millhouse plays Fallout Boy in the Radioactive Man movie, what words does he say that he said so many times that they lose all meaning?Jiminy Jillikers
22%
What is the name of the racehorse that the Simpsons own in the episode "Saddlesore Galactica"?Duncan (Furious "D")
20%
When Krusty fakes his own death, what is the fake name he uses when he becomes a fisherman?Rory B. Bellows
17%
Correctly spell the last name of the Bully named KearnyZzyzwicz
7%
Itchy and Scratchy Land is dubbed "The __________ place on earth"?Violentist
7%

Score Distribution

Percentile by Number Answered

Percent of People with Each Score

Your Score History

You have not taken this quiz